Macroeconomic theory : static and dynamic analyses /

Saved in:
Bibliographic Details
Main Author: Leonard, Fred H.
Format: Book
Language:English
Published: New York : Random House, c1979.
Edition:1st ed.
Subjects:
LEADER 01140cam a2200313 a 4500
001 c000402717
003 CARM
005 20190321143338.0
008 190321s1979 nyua b 001 0 eng
010 |a 78007604 
019 1 |a 1180803  |z 27525652  |5 LACONCORD2021 
020 |a 0394318846 :  |c $14.95 
035 |a (OCoLC)3845536  |5 LACONCORD2021 
040 |a LC  |b eng  |c LC  |d AK 
050 0 0 |a HB171.5  |b .L45 
082 0 4 |a 339 
100 1 |a Leonard, Fred H. 
245 1 0 |a Macroeconomic theory :  |b static and dynamic analyses /  |c Fred H. Leonard. 
250 |a 1st ed. 
260 |a New York :  |b Random House,  |c c1979. 
300 |a xii, 435 p. :  |b ill. ;  |c 24 cm. 
504 |a Includes bibliographies and index. 
650 0 |a Macroeconomics. 
852 8 |b CARM  |i C13756  |p 0653029  |f BK 
852 8 |b SCAN  |h A3:AH16G0  |i C13756  |p 0653029  |f BK 
852 8 |b SCAN  |h A3:AH16G0  |i C13756  |p 0653029  |f BK 
999 f f |i ddbc7dcc-7bca-5b76-bce2-fac90fb34ce7  |s 06ddbda7-fef6-5716-ada6-8217260e6ff4 
952 f f |p Can circulate  |a CAVAL  |b CAVAL  |c CAVAL  |d CARM 1 Store  |e C13756  |h Other scheme  |i book  |m 0653029 
952 f f |a CAVAL  |b CAVAL  |c CAVAL  |d Unmapped Location  |e C13756  |f A3:AH16G0  |h Other scheme